<?xml version="1.0" encoding="UTF-8"?>
<record
    xmlns:xsi="http://www.w3.org/2001/XMLSchema-instance"
    xsi:schemaLocation="http://www.loc.gov/MARC21/slim http://www.loc.gov/standards/marcxml/schema/MARC21slim.xsd"
    xmlns="http://www.loc.gov/MARC21/slim">

  <leader>02754cam a2200385 a 4500</leader>
  <datafield tag="999" ind1=" " ind2=" ">
    <subfield code="c">79536</subfield>
    <subfield code="d">316813</subfield>
  </datafield>
  <controlfield tag="001">729826782</controlfield>
  <controlfield tag="003">OCoLC</controlfield>
  <controlfield tag="005">20210307111548.0</controlfield>
  <controlfield tag="008">110603t20122012paua     b    001 0 eng  </controlfield>
  <datafield tag="010" ind1=" " ind2=" ">
    <subfield code="a">2011023733</subfield>
  </datafield>
  <datafield tag="020" ind1=" " ind2=" ">
    <subfield code="a">9780781797801 (alk. paper)</subfield>
  </datafield>
  <datafield tag="020" ind1=" " ind2=" ">
    <subfield code="a">0781797802 (alk. paper)</subfield>
  </datafield>
  <datafield tag="040" ind1=" " ind2=" ">
    <subfield code="a">DNLM/DLC</subfield>
    <subfield code="b">eng</subfield>
    <subfield code="c">DLC</subfield>
    <subfield code="d">NLM</subfield>
    <subfield code="d">YDXCP</subfield>
    <subfield code="d">C#P</subfield>
    <subfield code="d">BWX</subfield>
    <subfield code="d">CDX</subfield>
    <subfield code="d">VET</subfield>
    <subfield code="d">MMU</subfield>
    <subfield code="d">UtOrBLW</subfield>
  </datafield>
  <datafield tag="042" ind1=" " ind2=" ">
    <subfield code="a">pcc</subfield>
  </datafield>
  <datafield tag="050" ind1="0" ind2="0">
    <subfield code="a">QP309</subfield>
    <subfield code="b">.A83 2012</subfield>
  </datafield>
  <datafield tag="060" ind1="0" ind2="0">
    <subfield code="a">2011 L-356</subfield>
  </datafield>
  <datafield tag="060" ind1="1" ind2="0">
    <subfield code="a">WE 103</subfield>
  </datafield>
  <datafield tag="060" ind1=" " ind2="4">
    <subfield code="a">WE 103</subfield>
    <subfield code="b">A187 2012</subfield>
  </datafield>
  <datafield tag="082" ind1="0" ind2="0">
    <subfield code="a">612.044</subfield>
    <subfield code="2">23</subfield>
    <subfield code="b">ACA</subfield>
  </datafield>
  <datafield tag="245" ind1="0" ind2="0">
    <subfield code="a">ACSM's advanced exercise physiology</subfield>
  </datafield>
  <datafield tag="246" ind1="3" ind2="0">
    <subfield code="a">Advanced exercise physiology /</subfield>
    <subfield code="b">[editors, Peter A. Farrell, Michael J. Joyner, Vincent J. Caiozzo]</subfield>
  </datafield>
  <datafield tag="250" ind1=" " ind2=" ">
    <subfield code="a">Second edition</subfield>
  </datafield>
  <datafield tag="264" ind1=" " ind2="1">
    <subfield code="a">Philadelphia :</subfield>
    <subfield code="b">Wolters Kluwer Health/Lippincott Williams &amp; Wilkins,</subfield>
    <subfield code="c">[2012]</subfield>
  </datafield>
  <datafield tag="264" ind1=" " ind2="4">
    <subfield code="c">&#x2117;&#x266D;2012</subfield>
  </datafield>
  <datafield tag="300" ind1=" " ind2=" ">
    <subfield code="a">xvi, 719 pages :</subfield>
    <subfield code="b">illustrations ;</subfield>
    <subfield code="c">29 cm</subfield>
  </datafield>
  <datafield tag="504" ind1=" " ind2=" ">
    <subfield code="a">Includes bibliographical references and index</subfield>
  </datafield>
  <datafield tag="505" ind1="0" ind2=" ">
    <subfield code="a">Historical perspective: origin to recognition -- Exercise and responses of biologic systems -- Nervous system and movement -- Skeletal-articular system -- Muscular system: structural and functional plasticity -- Muscular system: the control of muscle mass -- Muscular system: fatigue processes -- Autonomic nervous system -- Respiratory system -- Cardiovascular system: design and control -- Cardiovascular system: cardiac function -- Organization and control of circulation to skeletal muscle -- Gastrointestinal system -- Metabolic systems: control of ATP synthesis in skeletal muscle -- Metabolic systems: carbohydrate metabolism -- Metabolic systems: lipid metabolism -- Metabolic systems: interaction of lipid and carbohydrate metabolism -- Metabolic systems: protein and amino acid metabolism in muscle -- Mitochondrial biogenesis induced by endurance training -- Endocrine system: integrated influences on metabolism, growth, and reproduction -- Exercise and the immune system -- Body fluid and hemopoietic systems -- Renal system -- Effects of exercise in altered environments -- Physiologic systems and their responses to conditions of heat and cold -- Physiologic systems and their responses to hypoxia -- Physiologic systems and their responses to conditions of hyperbaria -- Physiologic systems and their responses to conditions of microgravity and bed rest -- Genomics in the future of exercise physiology -- Exercise genomics and proteomics</subfield>
  </datafield>
  <datafield tag="650" ind1=" " ind2="0">
    <subfield code="a">Exercise</subfield>
    <subfield code="x">Physiological aspects</subfield>
    <subfield code="9">88771</subfield>
  </datafield>
  <datafield tag="650" ind1="1" ind2="2">
    <subfield code="a">Exercise</subfield>
    <subfield code="x">physiology</subfield>
    <subfield code="9">19563</subfield>
  </datafield>
  <datafield tag="700" ind1="1" ind2=" ">
    <subfield code="a">Farrell, Peter A</subfield>
    <subfield code="9">88772</subfield>
  </datafield>
  <datafield tag="700" ind1="1" ind2=" ">
    <subfield code="a">Joyner, Michael J</subfield>
    <subfield code="9">88773</subfield>
  </datafield>
  <datafield tag="700" ind1="1" ind2=" ">
    <subfield code="a">Caiozzo, Vincent J</subfield>
    <subfield code="9">88774</subfield>
  </datafield>
  <datafield tag="710" ind1="2" ind2=" ">
    <subfield code="a">American College of Sports Medicine</subfield>
    <subfield code="9">39347</subfield>
  </datafield>
  <datafield tag="942" ind1=" " ind2=" ">
    <subfield code="2">ddc</subfield>
    <subfield code="c">BOOK</subfield>
  </datafield>
  <datafield tag="952" ind1=" " ind2=" ">
    <subfield code="1">0</subfield>
    <subfield code="2">2021-03-07</subfield>
    <subfield code="4">0</subfield>
    <subfield code="7">0</subfield>
    <subfield code="a">612.044 ACA</subfield>
    <subfield code="d">2021-03-07</subfield>
    <subfield code="h">CL</subfield>
    <subfield code="i">00168160</subfield>
    <subfield code="m">CL</subfield>
    <subfield code="r">2021-03-07 00:00:00</subfield>
    <subfield code="t">BOOK</subfield>
    <subfield code="w">ddc</subfield>
    <subfield code="y">0</subfield>
  </datafield>
  <datafield tag="952" ind1=" " ind2=" ">
    <subfield code="1">0</subfield>
    <subfield code="2">2021-03-07</subfield>
    <subfield code="4">0</subfield>
    <subfield code="7">0</subfield>
    <subfield code="a">612.044 ACA</subfield>
    <subfield code="d">2021-03-07</subfield>
    <subfield code="h">CL</subfield>
    <subfield code="i">00168161</subfield>
    <subfield code="m">CL</subfield>
    <subfield code="r">2021-03-07 00:00:00</subfield>
    <subfield code="t">BOOK</subfield>
    <subfield code="w">ddc</subfield>
    <subfield code="y">0</subfield>
  </datafield>
  <datafield tag="952" ind1=" " ind2=" ">
    <subfield code="1">0</subfield>
    <subfield code="2">2021-03-07</subfield>
    <subfield code="4">0</subfield>
    <subfield code="7">0</subfield>
    <subfield code="a">612.044 ACA</subfield>
    <subfield code="d">2021-03-07</subfield>
    <subfield code="h">CL</subfield>
    <subfield code="i">00168162</subfield>
    <subfield code="m">CL</subfield>
    <subfield code="r">2021-03-07 00:00:00</subfield>
    <subfield code="t">BOOK</subfield>
    <subfield code="w">ddc</subfield>
    <subfield code="y">0</subfield>
  </datafield>
  <datafield tag="952" ind1=" " ind2=" ">
    <subfield code="1">0</subfield>
    <subfield code="2">2021-03-07</subfield>
    <subfield code="4">0</subfield>
    <subfield code="7">0</subfield>
    <subfield code="a">612.044 ACA</subfield>
    <subfield code="d">2021-03-07</subfield>
    <subfield code="h">AMF</subfield>
    <subfield code="i">00168105</subfield>
    <subfield code="m">AMF</subfield>
    <subfield code="r">2021-03-07 00:00:00</subfield>
    <subfield code="t">BOOK</subfield>
    <subfield code="w">ddc</subfield>
    <subfield code="y">0</subfield>
  </datafield>
  <datafield tag="952" ind1=" " ind2=" ">
    <subfield code="1">0</subfield>
    <subfield code="2">2021-03-07</subfield>
    <subfield code="4">0</subfield>
    <subfield code="7">0</subfield>
    <subfield code="a">612.044 ACA</subfield>
    <subfield code="d">2021-03-07</subfield>
    <subfield code="h">AMF</subfield>
    <subfield code="i">00168106</subfield>
    <subfield code="m">AMF</subfield>
    <subfield code="r">2021-03-07 00:00:00</subfield>
    <subfield code="t">BOOK</subfield>
    <subfield code="w">ddc</subfield>
    <subfield code="y">0</subfield>
  </datafield>
  <datafield tag="952" ind1=" " ind2=" ">
    <subfield code="1">0</subfield>
    <subfield code="2">2021-03-07</subfield>
    <subfield code="4">0</subfield>
    <subfield code="7">0</subfield>
    <subfield code="a">612.044 ACA</subfield>
    <subfield code="d">2021-03-07</subfield>
    <subfield code="h">SZM</subfield>
    <subfield code="i">00168107</subfield>
    <subfield code="m">SZM</subfield>
    <subfield code="r">2021-03-07 00:00:00</subfield>
    <subfield code="t">BOOK</subfield>
    <subfield code="w">ddc</subfield>
    <subfield code="y">0</subfield>
  </datafield>
  <datafield tag="952" ind1=" " ind2=" ">
    <subfield code="1">0</subfield>
    <subfield code="2">2021-03-07</subfield>
    <subfield code="4">0</subfield>
    <subfield code="7">0</subfield>
    <subfield code="a">612.044 ACA</subfield>
    <subfield code="d">2021-03-07</subfield>
    <subfield code="h">SZM</subfield>
    <subfield code="i">00168108</subfield>
    <subfield code="m">SZM</subfield>
    <subfield code="r">2021-03-07 00:00:00</subfield>
    <subfield code="t">BOOK</subfield>
    <subfield code="w">ddc</subfield>
    <subfield code="y">0</subfield>
  </datafield>
</record>
